000 01565nam0a22002531 4500
001 rc\3550121
005 20260407182855.0
021 _aRU
_b[69-112195]
035 _a(NLR Aleph) 007674645
090 _a6472202
_c6472202
100 _a20130115d1970 |||y0rusy50 ca
101 0 _arus
102 _aRU
105 _ay z |||||
200 1 _aРешение
_fЦентр. правл. Науч.-техн. о-ва приборостроит. пром-сти. М-во приборостроения, средств автоматизации и систем управления СССР. Ком. стандартов, мер и измерит. приборов при Совете Министров СССР. Краснодарское краев., Киевское и Чуваш. обл. правл. Науч.-техн. о-ва приборпром. Науч.-техн. совещание о путях развития цифровой измерит. техники. 10-12 сент. 1969 г., Краснодар
210 _aМосква
_cБ. и.
_d1970
215 _a7 с.
_d19
606 _aЭлектроизмерительные приборы, цифровые
_jТезисы докладов
_2psbo
710 1 2 _aВсесоюзное научно-техническое совещание о путях развития цифровой измерительной техники
_f1969
_eКраснодар
_3RU\NLR\AUTH\8810118164
_9735229
801 0 _aRU
_bNLR
_gpsbo
801 1 _aRU
_bELAR
_2rusmarc
852 _aNLR
_j69-4/31507
942 _cBOOK
980 _aNB